La renovación parroquial: un proceso dinámico a la luz del Concilio y de Puebla

Guardat en:
Dades bibliogràfiques
Autor corporatiu: SERPLAN (Autor)
Format: Llibre
Idioma:espanyol
Publicat: Santiago Conferencia Episcopal de Chile 1980
Col·lecció:Colección Catequesis, 10
Matèries:
Etiquetes: Afegir etiqueta
Sense etiquetes, Sigues el primer a etiquetar aquest registre!

MARC

LEADER 00000nam a2200000 a 4500
001 UCL2836
003 CL-VaPUC
005 20220119073954.0
008 031107e19800000cl 1 spa d
082 0 4 |a 262.9  |b SER  |2 21 
110 2 |a SERPLAN  |e author  |9 620382 
245 1 3 |a La renovación parroquial: un proceso dinámico a la luz del Concilio y de Puebla 
260 |a Santiago  |b Conferencia Episcopal de Chile  |c 1980 
300 |a 109 p 
490 0 |a Colección Catequesis, 10 
583 |a last modification  |c 20031107 00:00:00  |k Rodrigo Vera 
650 0 7 |a DERECHO CANONICO  |2 CL-VaPUC  |9 620383 
650 0 0 |a Derecho eclesiástico  |9 255055 
650 0 0 |a Doctrina social de la iglesia  |9 257333 
942 |c BK 
945 |a cmena  |d 20031107 00:00:00 
546 |a En Español 
536 |a Conferencia Episcopal de Chile 
518 |p Seminario Nacional de Planificación Parroquial, 1, Santiago, 29 de agosto al 4 de septiembre de 1979 
999 |c 383915  |d 383913 
952 |0 0  |1 0  |4 0  |6 262_900000000000000_SER_1980  |7 0  |8 DER_HDC  |9 506238  |a BIBDER  |b BIBDER  |d 2020-01-23  |i 3920127  |o 262.9 SER 1980  |p 3920127  |r 2023-01-25  |w 2020-01-23  |x Ubicación 4to Piso  |y BK  |z Estos recursos deben solicitarse con anticipación  |k DER